| 000 | 01091nam a2200277 i 4500 | ||
|---|---|---|---|
| 001 | 16724 | ||
| 003 | ES-MaACL | ||
| 005 | 20250625165630.0 | ||
| 007 | t| | ||
| 008 | 001027s2000 sp ||||1| spa d | ||
| 020 | _a84-89753-32-6 | ||
| 080 | _a338.1(100)"1945/..." | ||
| 080 | _a338.23(460)"1982/96":331 | ||
| 100 | 1 |
_aPetras, James F. _991529 |
|
| 245 | 1 | 3 |
_aLa nueva reconquista / _cJames Petras ; [traducción del Informe Petras, Oscar Fontrodona, traducción de los otros ensayos, Iraitz Zuazabeitia]. |
| 250 | _a2ª ed. | ||
| 260 |
_aHondarribia : _bHiru, _c2000. |
||
| 300 |
_a172 p. ; _c15 cm. |
||
| 505 | 8 | _aContiene: El informe Petras ; Globalización y ciudadanía: dimensiones sociales y políticas ; De Pericles a Samaranch ; El imperialismo resurgente: el problema principal del nuevo milenio | |
| 650 | 4 |
_aEconomía mundial- _y1945-1989. _9152137 |
|
| 651 | 4 |
_aEspaña- _xPolítica laboral- _y1982-1996. _98433 |
|
| 700 | 1 |
_aFontrodona, Óscar, _d1963- _9174229 |
|
| 700 | 1 |
_aZuazabeitia, Iraitz. _9174230 |
|
| 852 | 4 |
_aES-MaACL _jL-23757 |
|
| 999 |
_c16724 _d16724 |
||